header

The consequences of maternal morbidity and maternal mortality (Record no. 57585)

MARC details
000 -LEADER
fixed length control field 01980nam a2200349Ia 4500
245 14 - TITLE STATEMENT
Title The consequences of maternal morbidity and maternal mortality
260 ## - PUBLICATION, DISTRIBUTION, ETC. (IMPRINT)
Place of publication Washington, DC :
Name of publisher National Academy Press,
Year of publication 2000.
300 ## - PHYSICAL DESCRIPTION
Number of Pages xiii, 29 p. :
Other physical details ill.
500 ## - GENERAL NOTE
General note Workshop on the Consequences of Pregnancy, Maternal Morbidity, and Mortality for Women, Their Families, and Society, October 19-20, 1998, Committee on Population, National Research Council of the National Academy of Sciences, 2101 Constitution Avenue, NW, NAS Board Room, Washington, DC.
650 #0 - SUBJECT ADDED ENTRY--TOPICAL TERM
Topical Term Maternal health services
Topical Term Mothers
700 1# - ADDED ENTRY--PERSONAL NAME
Personal name Reed, Holly.
Personal name Koblinsky, Marjorie A.
Personal name Mosley, W. Henry
856 40 - ELECTRONIC LOCATION AND ACCESS
Uniform Resource Identifier http://site.ebrary.com/lib/rucke/Doc?id=10038641

No items available.

© 2026 Rongo University
Contact us: librarian | system librarian | Rongo university